La novela futura / (Record no. 106457)

MARC details
000 -LEADER
campo de control de longitud fija 01038nam a2200289 i 4500
001 - NÚMERO DE CONTROL
campo de control 106457
003 - IDENTIFICADOR DE NÚMERO DE CONTROL
campo de control ES-MaACL
005 - FECHA Y HORA DE LA ÚLTIMA TRANSACCIÓN
campo de control 20250812062524.0
007 - CAMPO FIJO DE DESCRIPCIÓN FÍSICA--INFORMACIÓN GENERAL
campo de control de longitud fija t|
008 - DATOS DE LONGITUD FIJA--INFORMACIÓN GENERAL
campo de control de longitud fija 221106s1959 sp ||||1| spa d
017 ## - NÚMERO DE COPYRIGHT O DE DEPÓSITO LEGAL
Número de copyright o de depósito legal M 10.299-1959
080 ## - NÚMERO DE LA CLASIFICACIÓN DECIMAL UNIVERSAL
Número de la Clasificación Decimal Universal 82-3.09
100 1# - ENTRADA PRINCIPAL--NOMBRE DE PERSONA
Nombre de persona Grien, Raúl.
9 (RLIN) 59984
245 13 - MENCIÓN DEL TÍTULO
Título La novela futura /
Mención de responsabilidad, etc. Raúl Grien.
260 ## - PUBLICACIÓN, DISTRIBUCIÓN, ETC.
Lugar de publicación, distribución, etc. Madrid :
Nombre del editor, distribuidor, etc. Ateneo,
Fecha de publicación, distribución, etc. 1959 (
Fabricante "Ediciones Castilla")
300 ## - DESCRIPCIÓN FÍSICA
Extensión 25 p., [2] h. ;
Dimensiones 19 cm.
490 1# - MENCIÓN DE SERIE
Mención de serie Colección "O crece o muere"
Designación de volumen o secuencia 136
RLIN 183476
500 ## - NOTA GENERAL
Nota general "El original de este cuaderno fue dado a conocer por el autor en la campaña de colaboración cultural en los Ateneos de España durante el curso 1957-58"
610 2# - PUNTO DE ACCESO ADICIONAL DE MATERIA--NOMBRE DE ENTIDAD CORPORATIVA
Nombre de entidad corporativa o nombre de jurisdicción como elemento de entrada Ateneo de Madrid-
Subdivisión de forma Conferencias-
Subdivisión cronológica 1940-1982.
9 (RLIN) 1908
650 14 - PUNTO DE ACCESO ADICIONAL DE MATERIA--TÉRMINO DE MATERIA
Término de materia o nombre geográfico como elemento de entrada Novela-
Subdivisión general Historia y crítica.
9 (RLIN) 15603
830 00 - PUNTO DE ACCESO ADICIONAL DE SERIE-TÍTULO UNIFORME
Título uniforme Colección "O crece o muere"
Designación de volumen o secuencia 136
9 (RLIN) 183476
852 4# - LOCALIZACIÓN
Ubicación ES-MaACL
Número de control de estantería 2207-F-13
Sublocalización o colección R.138066
Ubicación en estantería Depósito folletos
852 4# - LOCALIZACIÓN
Ubicación ES-MaACL
Número de control de estantería 2243-F-4
942 ## - ELEMENTOS DE ENTRADA SECUNDARIOS (KOHA)
Fuente del sistema de clasificación o colocación Clasificación decimal universal
Tipo de ítem Koha Folleto
Suprimir en OPAC No
Holdings
Estatus retirado Estado de pérdida Estado de daño No para préstamo Colección Biblioteca de origen Biblioteca actual Ubicación en estantería Fecha de adquisición Fuente de adquisición Total de préstamos Signatura topográfica completa Código de barras Visto por última vez Precio de reemplazo Tipo de ítem Koha
        Colección de folletos Biblioteca del Ateneo de Madrid Biblioteca del Ateneo de Madrid Depósito folletos 15/12/2008     2243-F-4 1178355 23/02/2023 23/02/2023 Folleto
        Colección de folletos Biblioteca del Ateneo de Madrid Biblioteca del Ateneo de Madrid Depósito folletos 17/01/2008     2207-F-13 1111128 23/02/2023 23/02/2023 Folleto